Eine neue Platymetopiusart aus Mitteleuropa und weitere tschechoslowakische Faunistik

Bibliographic Details
Main Author: Dlabola, Jiří, 1922- (Author)
Format: Book
Language:German
Czech
PhysicalDescription:5-9 strán ilustrácie 24 cm
Published: [Praha] [Národní muzeum] [1961]
Subjects:

MARC

LEADER 00000cam a2200000 a 4500
001 vtls011982701
003 SK-MaSNL
005 20260311131632.0
008 250311s1961 xr a f 2 000 0 ger
015 |a SNBA1961 
020 |q (brožované) 
035 |a urn:nbn:sk:snk-am00ek9z 
035 |a urn:nbn:sk:snk-am3iiag 
035 |a D80774D3-D566-4531-B99F-5804E4E61C8B 
040 |a SNK  |b slo  |c SNK  |e AACR2 
041 1 |a ger  |h cze 
043 |a ec-----  |a e-cs--- 
044 |a xr  |c CZ 
072 7 |a 591  |x Všeobecná zoológia  |2 konspekt 
080 |a 591.9  |2 2011 
080 |a 595.7  |2 2011 
080 |a (4-191.2)  |2 2011 
080 |a (437)  |2 2011 
080 |a (04)  |2 2011 
100 1 |a Dlabola, Jiří,  |d 1922-  |4 aut  |9 162479 
245 1 5 |a Eine neue Platymetopiusart aus Mitteleuropa und weitere tschechoslowakische Faunistik  |c Jiří Dlabola 
260 |a [Praha]  |b [Národní muzeum]  |c [1961] 
300 |a 5-9 strán  |b ilustrácie  |c 24 cm 
366 |e 1100 kusov 
500 |a Preložené z češtiny 
650 0 7 |a fauna  |2 SNKPH  |9 3748 
650 0 7 |a hmyz  |2 SNKPH  |9 783 
651 7 |a Československo  |2 SNKPHgeo  |9 21376 
651 7 |a Európa stredná  |2 SNKPHgeo  |9 23970 
655 7 |a separáty  |2 SNKPH  |9 70334 
787 0 8 |i Separátny výtlačok z:  |t Acta faunistica entomologica Musei Nationalis Pragae  |g Roč. 1961, Vol. 7., No. 52 
852 |a Slovenská národná knižnica 
958 |a RK 
958 |a TL 
958 |a CZ 
958 |a OND 
958 |a OP 
999 |c 780992  |d 782922 
952 |a SNK  |b SNK  |y PREZ  |7 0  |p 17A0847160  |o snkSC 15672  |i snkKSP 1324/62  |0 0  |1 0  |4 0  |d 2020-07-20  |f 1  |l 0  |r 2025-07-18 00:00:00  |w 2026-02-24